[Event "IECG CN.1999.0.00110"]
[Site "IECG email"]
[Date "1999.03.01"]
[Round "?"]
[White "Skovgaard, Michael"]
[Black "Thelen, Michael"]
[Result "0-1"]
[WhiteElo "800"]
[BlackElo "800"]
[PlyCount "48"]
[EventDate "1999.03.01"]
[EventType "tourn (corr)"]
[EventRounds "6"]
[SourceTitle "Corr 2008"]
[Source "ChessBase"]
[SourceDate "2008.06.24"]
[SourceVersion "1"]
[SourceVersionDate "2008.06.24"]
[SourceQuality "1"]

1. e3 e5 2. d4 exd4 3. exd4 d5 4. Nf3 c5 5. Qe2+ Qe7 6. Ne5 cxd4 7. Bf4 Nc6 8. Nd2 Nxe5 9. Qxe5 Nf6 10. 0-0-0 Qxe5 11. Bxe5 Be7 12. Bxd4 0-0 13. Bd3 Be6 14. Rhe1 a6 15. Nf3 h6 16. Ne5 Rfe8 17. f4 Ne4 18. Bxe4 dxe4 19. Rxe4 Bf5 20. a4 Bxe4 21. g3 Rac8 22. c3 Red8 23. Rd2 Bc5 24. Bxc5 Rxd2 0-1

[Event "IECG CN.1998.0.00081"]
[Site "IECG email"]
[Date "1998.09.07"]
[Round "?"]
[White "Thelen, Michael"]
[Black "Grkinic, Goran"]
[Result "0-1"]
[WhiteElo "800"]
[BlackElo "800"]
[PlyCount "58"]
[EventDate "1998.09.07"]
[EventType "tourn (corr)"]
[EventRounds "6"]
[SourceTitle "Corr 2008"]
[Source "ChessBase"]
[SourceDate "2008.06.24"]
[SourceVersion "1"]
[SourceVersionDate "2008.06.24"]
[SourceQuality "1"]

1. d4 Nf6 2. Nf3 c6 3. g3 d5 4. Bg2 Bf5 5. 0-0 h6 6. c4 e6 7. Nc3 Nbd7 8. cxd5 exd5 9. Bf4 g5 10. Be5 Qb6 11. Na4 Qb5 12. a3 Be7 13. b4 0-0 14. Nd2 a5 15. Nc3 Qb6 16. b5 Nxe5 17. dxe5 Nd7 18. bxc6 bxc6 19. e4 dxe4 20. Bxe4 Bxe4 21. Ndxe4 Nxe5 22. Qh5 f5 23. Qxh6 fxe4 24. Qe6+ Rf7 25. Qxe5 Bf6 26. Qf5 Bxc3 27. Qg6+ Bg7 28. Qxg5 Raf8 29. Ra2 e3 0-1